Estatísticas para Novelas das 8/9 horas exibidas pela Rede Globo

Clique aqui para jogar o quiz

Estatísticas Gerais

  • Esse quiz foi jogado 1 008 vezes
    (264 desde o último reset)
  • A pontuação média é 48 de 94

Estatísticas das Respostas

Anos de ExibiçãoNovela% Correto
2012Avenida Brasil
84%
2009Caminho das Índias
84%
2000 - 2001Laços de Família
80%
2003Mulheres Apaixonadas
79%
2001 - 2002O Clone
79%
2012 - 2013Salve Jorge
76%
2005América
74%
2011 - 2012 (reprisada em 2020)Fina Estampa
74%
2004 - 2005Senhora do Destino
74%
2003 - 2004Celebridade
73%
2008 - 2009A Favorita
72%
1996 - 1997O Rei do Gado
72%
2019 - 2020Amor de Mãe
71%
2014 - 2015 (reprisada em 2021)Império
71%
2011Insensato Coração
68%
2022Pantanal
68%
2009 - 2010Viver a Vida
68%
2015Babilônia
67%
2017A Força do Querer
66%
2013 - 2014Amor à Vida
66%
1987O Outro
66%
1997 - 1998Por Amor
66%
2005 - 2006Belíssima
65%
2007 - 2008Duas Caras
65%
2014Em Família
65%
2022 - 2023Travessia
65%
2007Paraíso Tropical
64%
1985 - 1986Roque Santeiro
64%
2019A Dona do Pedaço
63%
2015 - 2016A Regra do Jogo
63%
2010 - 2011Passione
63%
1990Rainha da Sucata
63%
1999 - 2000Terra Nostra
63%
1989 - 1990Tieta
63%
1998 - 1999Torre de Babel
63%
2006 - 2007Páginas da Vida
62%
2016Velho Chico
62%
1995A Próxima Vítima
61%
1988 - 1989Vale Tudo
61%
1993Renascer
59%
2001Porto dos Milagres
58%
2002 - 2003Esperança
57%
1997A Indomada
56%
1986Selva de Pedra
55%
1973 - 1973Selva de Pedra
55%
1995 - 1996Explode Coração
54%
1999Suave Veneno
54%
2016 - 2017A Lei do Amor
52%
2018 - 2019O Sétimo Guardião
52%
1993 - 1994Fera Ferida
51%
1989O Salvador da Pátria
51%
1992Pedra sobre Pedra
51%
2017 - 2018O Outro Lado do Paraíso
50%
1992 - 1993De Corpo e Alma
49%
1977 - 1978O Astro
49%
2018Segundo Sol
49%
1991 - 1992O Dono do Mundo
48%
1987 - 1988Mandala
46%
1986 - 1987Roda de Fogo
46%
1990 - 1991Meu Bem, Meu Mal
45%
2021 - 2022Um Lugar ao Sol
44%
1978 - 1979Dancin' Days
43%
1996O Fim do Mundo
43%
1979Pai Herói
42%
1994 - 1995Pátria Minha
42%
1981Baila Comigo
41%
1984Partido Alto
41%
1980 - 1981Coração Alado
40%
1983Louco Amor
40%
1981 - 1982Brilhante
39%
1984 - 1985Corpo a Corpo
39%
1980Água Viva
38%
1983 - 1984Champagne
38%
1982 - 1983Sol de Verão
37%
1970 - 1971Irmãos Coragem
35%
1975 - 1976Pecado Capital
35%
1982Sétimo Sentido
35%
1979 - 1980Os Gigantes
29%
1976O Casarão
28%
1976 - 1977Duas Vidas
26%
1975Escalada
24%
1969 - 1970Véu de Noiva
23%
1973Cavalo de Aço
22%
1977Espelho Mágico
21%
1965 - 1966O Ébrio
21%
1973 - 1974O Semideus
21%
1971 - 1972O Homem que Deve Morrer
19%
1974 - 1975Fogo sobre Terra
18%
1969Rosa Rebelde
16%
1967A Sombra de Rebecca
15%
1966 - 1967O Rei dos Ciganos
14%
1967 - 1968Sangue e Areia
12%
1967Anastácia, a Mulher sem Destino
11%
1968 - 1969Passo dos Ventos
8%

Distribuição das Pontuações

Percentil de Números Respondidos

Porcentagem de Pessoas com Cada Pontuação

Sua Pontuação Histórica

Você não jogou esse quiz desde o último reset